000 01025nam a22003137a 4500
003 CHAP
005 20220329143352.0
008 090105s2007 pl a r 00010 eng d
010 _a95615
011 _a96587
020 _a1904445381
035 _a107241
040 _cCHAP
082 0 4 _a551.41
_bF73
100 1 _aFookes, Peter G.
_942210
245 1 0 _aEngineering geomorphology :
_btheory and practice
_c/por P.G. Fookes, E.M. Lee and J.S. Griffiths
260 _aPolonia :
_bWhittles : CRC,
_cc2007
300 _ax, 281 p. :
_bilus., mapas, cuadros, tablas
590 _aBATCH-UPD
_b10
_c20130110
_lUCH01
_h0503
590 _aBATCH-UPD
_b10
_c20130410
_lUCH01
_h0141
590 _aBATCH-UPD
_b10
_c20130914
_lUCH01
_h1425
590 _aCONVERSION
_b10
_c20130109
_lUCH01
_h1353
650 0 4 _aGeografía física.
_947590
700 1 _aGriffiths, J. S.
_950697
700 1 _aLee, E. M.
_965579
901 _aBK
942 _cLIBRO
949 _a551.41 F73
_bBC
_cLIBRO
_d33724002068900
_eLIBRO
_gI.c/e
_h110304
_i107241
_si
_t$989.45
999 _c95615
_d95615